| 000 | 00433nam a22001697a 4500 | ||
|---|---|---|---|
| 003 | SGT | ||
| 020 | _a9781461407812 | ||
| 082 |
_a616.01 _bB12E |
||
| 100 | _aEZPELETA, NAIARA R. | ||
| 245 | _aBIOIFORMATICS FOR HIGH THROUGHPUT SEQUENCING | ||
| 250 | _aIST | ||
| 260 |
_aNEW YORK _bSPRINGER PUB _c2012 |
||
| 300 | _a255 | ||
| 650 | _aMICROBIOLOGY | ||
| 653 | _aBIOIFORMATICS FOR HIGH THROUGHPUT SEQUENCING | ||
| 942 |
_2ddc _cBK |
||
| 999 |
_c34281 _d34281 |
||